| 000 | 00876nas a2200253 4500 | ||
|---|---|---|---|
| 001 | BR7907264 | ||
| 003 | BR-BrBNA | ||
| 005 | 20231205084011.0 | ||
| 007 | ta | ||
| 008 | 230509b bl.|||p| |||| 00| 00por d | ||
| 040 |
_aBR-BrBNA _bpor _cBiblioteca Nacional de Agricultura |
||
| 041 | _a(Pt) | ||
| 072 | _aH20 | ||
| 100 | 1 | _aMenten, J.O.M. | |
| 100 | 1 | _aMarques, L.A.P. | |
| 245 | 1 | _aInfluencia do inoculo, meio de cultura e regime de luz no desenvolvimento micelial e esporulacao de Mycosphaerella fragariare (Tul.)Lind. (Ramularia tulasnei Sacc.)[morango, Fragaria spp., mancha foliar] | |
| 650 | _aMORANGO | ||
| 650 | _aMANCHA FOLIAR | ||
| 650 | _aINOCULACAO | ||
| 650 | _aESPORULACAO | ||
| 773 | 0 |
_tFitopatologia Brasileira (Brazil) _xISSN 0100-4158 _g(Feb 1979), v. 4(1) p. 63-71 _wBR7907264 |
|
| 909 |
_a202311 _bLúcia _c55 _dLúcia Elande |
||
| 942 |
_2AGRIS _n0 _cANA |
||
| 999 |
_c102514 _d102514 |
||